000
00286nam a2200133Ia 4500
008
231129s1952||||xx |||||||||||||| ||spa||
040
_b
spa
082
_a
928.41 Z98b
100
_a
Zweig Stefan
245
0
_a
Balzac
260
_c
1952
264
_a
México : Cumbre
942
_2
ddc
_c
BKS
999
_c
6020
_d
6020